00684nam a2200241 a 4500001001300000003000900013005001700022008004100039020001000080082001900090100001700109245003200126260003400158300000900192500003500201505001700236650002200253700001700275902000800292942000700300952012000307999001500427nice12345678IN_TiNIC20260116012916.0050524s1985 dela grp 000 0 eng  ac13000a704.94897bBEN aBendrey, V S aStudy of Musliminscriptions aDelhibAnmol Publishersc1985 a197p aincludes index and biblioraphy2 aBibliography aEpigraphy-Islamic1 aBendrey, V S bSRS cBK 001040708StackRoom-aHMIbHMId2007-06-12g130.00l0o704.94897 BENp012510r2007-06-12v130.00w2005-05-24yBK c8850d8850